| 000 | 00669nam a2200193Ia 4500 | ||
|---|---|---|---|
| 003 | GCL | ||
| 008 | 140319s9999 xx 000 0 ara d | ||
| 040 |
_aGCL / _cGCL |
||
| 082 | 0 | 4 |
_aد _b050 _bك ع |
| 100 | 1 | _aكورياليس، مايكل | |
| 245 | 1 | 0 |
_aفى نشاة اللغة ( عالم المعرفة مارس 2006 العدد 325 ) / _cكورياليس، مايكل |
| 260 |
_aالكويت : _bالمجلس الوطنى للثقافة والفنون والاداب ، _c2006 |
||
| 300 |
_a310 ص ؛ _c16 سم |
||
| 650 | 0 | 4 | _aالاشارات |
| 650 | 0 | 4 | _aعلم الكلام |
| 650 | 0 | 4 | _aاللغة |
| 650 | 0 | 4 | _aاللغة - تاريخ |
| 942 |
_2ddc _cBK |
||
| 999 |
_c8478 _d8478 |
||